Clash Royale Arenas - Statistics

General Stats
  • This quiz has been taken 198 times
  • The average score is 10 of 15
Answer Stats
Arena Answer % Correct
Arena 4 Pekka’s Playhouse
88%
Arena 2 Bone Pit
82%
Arena 5 Spell Valley
78%
Arena 10 Hog Mountain
77%
Arena 3 Barbarian Bowl
75%
Arena 11 Electro Valley
71%
Arena 12 Spooky Town
71%
Arena 1 Goblin Stadium
68%
Arena 7 Royal Arena
66%
Arena 6 Builder’s Workshop
65%
Arena 8 Frozen Peak
64%
Arena 9 Jungle Arena
63%
Arena 13 Rascal’s Hideout
60%
Arena 14 Serenity Peak
57%
Arena 15 Legendary Arena
46%
No matching quizzes found
Score Distribution
Percent of People with Each Score
Percentile by Number Answered
Your Score History
You have not taken this quiz